00722nam a22001937a 450000500170000001000190001702000500003602000340008602000340012003500170015403700130017108200130018424501160019726000550031327000510036830000720041950000200049170000170051120160128130714.0 aENG-114297-299 c1075.00 (v.1)a9789381456293 (set of 3 vols.) c1150.00 (v.2)a9789381456293  c1240.00 (v.3)a9789381456293  aEN-97829-831 bDBAD/PUB a091.0954 aProscribed documents : cedited by Vijoy Kumar...[et al]bin the records of Bihar state archieves (1913-1947) / aBiharbDirectorate of Bihar State Archieves c2015 aJawaharlal Nehru Marg, Patna, bBihar e800001 a3V.(xv,682,livp.; xv,683-1414,livp. ; xv,1415-2224,livp.)c25cm(Hb) aIncludes index  aVijoy Kumar